00530nam a2200169Ia 450000500170000000800410001708200130005810000180007124500310008926000490012030000130016965000210018265000370020394200060024095200990024699900150034520250402215456.0240331s9999 xx 000 0 und d bSIVa894 aSivathamby, K 0aThamilil ilakkiya varalaru aChennaibNewcentury book House Pvt Ltdc1988 a292 p ., aLiterary History aTamil Historiographical Analysis cL 001040708LaWERCLbWERCLcSSCd2024-03-31l0o 894.811 SIVp1414r2024-03-31w2024-03-31yL c3831d3831